Szczegóły MARC21

Einführung in die Kognitive Linguistik /

003 -Nazwa inst., której nr kontr. jest w polu 001 [,]
    • @
    • Nazwa instytucji, której n kontrolny jest w polu 001
    • NUKAT
005 -DATA I CZAS OSTATNIEJ MODYFIKACJI [,]
    • @
    • pole kontrolne
    • 20241231110338.0
020 -Międzynarod. znormalizowany nr książki - ISBN [ , ]
    • a
    • Numer ISBN
    • 3772016952 Find
    • q
    • Dopowiedzenie
    • Francke
020 -Międzynarod. znormalizowany nr książki - ISBN [ , ]
    • a
    • Numer ISBN
    • 3825216365 Find
    • q
    • Dopowiedzenie
    • UTB
040 -Instytucja sporządzająca opis [ , ]
    • a
    • Instytucja, która sporządziła opis (NP)
    • OLSZT 003/MK
    • c
    • Instytucja, która sporządziła rekord (NP)
    • OLSZT 003/MK
    • d
    • Instytucja, która zmodyfikowała rekord (P)
    • OLSZT 003/WO
    • d
    • Instytucja, która zmodyfikowała rekord (P)
    • OSZT 003/baks
044 -Kraj miejsca wydania [ , ]
    • a
    • Kraj miejsca wydania
    • Niemcy
    • a
    • Kraj miejsca wydania
    • Szwajcaria
942 -Rodzaj dokumentu [ , ]
    • c
    • Rodzaj dokumentu
    • Książka
100 -Hasło główne - nazwa osobowa [1, ]
    • a
    • Nazwa osobowa (NP)
    • Schwarz-Friesel, Monika
    • d
    • Daty biograficzne (NP)
    • (1961- ).
    • 9
    • KHW
    • 509477
245 -Strefa tytułu i oznaczenia odpowiedzialności [1,0]
    • a
    • Tytuł
    • Einführung in die Kognitive Linguistik / Find
    • c
    • Pozostałe elementy strefy tytułu i oznaczenia odpowiedzialności (NP)
    • Monika Schwarz.
250 -Strefa wydania [ , ]
    • a
    • Oznaczenie wydania (NP)
    • 2. überarb. und aktualisierte Aufl.
260 -Strefa adresu wydawniczego [ , ]
    • a
    • Miejsce wydania (P)
    • Tübingen ;
    • a
    • Miejsce wydania (P)
    • Basel :
    • b
    • Nazwa wydawcy (P)
    • Francke,
    • c
    • Data wydania (P)
    • 1996.
300 -Strefa opisu fizycznego [ , ]
    • a
    • Określenie formy książki i/lub objętość (NP)
    • 238 s. :
    • b
    • Oznaczenie ilustracji (NP)
    • il. ;
    • c
    • Format (NP)
    • 19 cm.
336 -Typ zawartości [ , ]
    • a
    • Termin opisujący typ zawartości
    • Tekst
    • b
    • Kod określający zawartość
    • txt
    • 2
    • Źródło (terminu i kodu)
    • rdacontent
337 -Typ mediów [ , ]
    • a
    • Tryb odtwarzania
    • Bez urządzenia pośredniczącego
    • b
    • Kod typu mediów
    • n
    • 2
    • Źródło (terminu i kodu)
    • rdamedia
338 -Typ/rodzaj nośnika [ , ]
    • a
    • Hasło opisujące typ nośnika
    • Wolumin
    • b
    • Kod typu nośnika
    • nc
    • 2
    • Źródło (terminu i kodu)
    • rdacarrier
490 -Strefa serii i książki wielotomowej - forma nie do wyszukiwania [1, ]
    • a
    • Tytuł (P)
    • UTB für Wissenschaft ; Find
    • v
    • Numeracja (P)
    • 1636
830 -Hasło dodatkowe serii i opisu książki wielotomowej - tytuł ujednolicony/tytuł [ ,0]
    • a
    • Tytuł ujednolicony/tytuł (NP)
    • UTB Uni-Taschenbücher
    • x
    • ISSN
    • 0340-7225
    • v
    • Oznaczenie tomu (NP)
    • 1636
    • 9
    • KHW
    • 15685
504 -Uwaga dot. bibliogr. załącznikowej [ , ]
    • a
    • Uwaga dot. bibliografii załącznikowej
    • Bibliogr. s. 200-234. Indeks.
080 -Uniwersalna Klasyfikacja Dziesiętna [ , ]
    • a
    • Symbol klasyfikacji
    • 801.5=30
080 -Uniwersalna Klasyfikacja Dziesiętna [ , ]
    • a
    • Symbol klasyfikacji
    • :165=30
650 -Hasło przedmiotowe [ ,7]
    • a
    • Hasło przedmiotowe
    • Językoznawstwo kognitywne.
    • 2
    • Źródło terminu
    • kaba
    • 9
    • KHW
    • 110338
650 -Hasło przedmiotowe [ ,7]
    • a
    • Hasło przedmiotowe
    • Psycholingwistyka.
    • 2
    • Źródło terminu
    • kaba
    • 9
    • KHW
    • 126950
980 -Symbol UKD [ , ]
    • a
    • UKD
    • 801.5:165]=30
920 -ISBN [ , ]
    • a
    • ISBN
    • 3-7720-1695-2 Find
    • q
    • Dopowiedzenie
    • Francke
920 -ISBN [ , ]
    • a
    • ISBN
    • 3-8252-1636-5 Find
    • q
    • Dopowiedzenie
    • UTB
Status udost. Numer inwentarzowy Data inwentaryzacji Lokalizacja Sygnatura
1G.167272004-01-21BMGERM. Psycholingwistyka 05